Top 10 Countries by LDS Church Membership - Statistics

General Stats
  • This quiz has been taken 41 times
  • The average score is 5 of 10
Answer Stats
% LDS Country % Correct
41.09 Samoa
89%
62.55 Tonga
89%
18.74 Kiribati
60%
8.95 Marshall Islands
60%
3.42 Vanuatu
51%
6.16 Federated States of Micronesia
46%
3.31 Chile
43%
2.61 Tuvalu
34%
3.16 Uruguay
11%
2.71 Cape Verde
9%
No matching quizzes found
Score Distribution
Percent of People with Each Score
Percentile by Number Answered
Your Score History
You have not taken this quiz